Chiến lược bản thân

में बचाया:
ग्रंथसूची विवरण
मुख्य लेखक: McGraw, Philip C.
स्वरूप: पुस्तक
भाषा:Undetermined
प्रकाशित: Thành phố Hồ Chí Minh Nhà xuất bản Thành phố Hồ Chí Minh 2005
विषय:
टैग : टैग जोड़ें
कोई टैग नहीं, इस रिकॉर्ड को टैग करने वाले पहले व्यक्ति बनें!
Thư viện lưu trữ: Trung tâm Học liệu Trường Đại học Cần Thơ
LEADER 00590nam a2200181Ia 4500
001 CTU_96837
008 210402s9999 xx 000 0 und d
082 |a 646.7 
082 |b M212 
100 |a McGraw, Philip C. 
245 0 |a Chiến lược bản thân 
245 0 |c Philip C. McGraw; Lưu Văn Huy biên dịch 
260 |a Thành phố Hồ Chí Minh 
260 |b Nhà xuất bản Thành phố Hồ Chí Minh 
260 |c 2005 
650 |a Life skills,Social interaction 
904 |i Tuyến 
980 |a Trung tâm Học liệu Trường Đại học Cần Thơ